[Event "19th Open"]
[Site "Kavala GRE"]
[Date "2010.08.05"]
[Round "7"]
[White "Melia,S"]
[Black "Zinchenko,Ya"]
[Result "1/2-1/2"]
[WhiteElo "2442"]
[BlackElo "2544"]

1.e4 c5 2.Nf3 Nc6 3.d4 cxd4 4.Nxd4 Nf6 5.Nc3 d6 6.Bg5 Bd7 7.Qd2 h6 8.Bxf6 gxf6
9.O-O-O Nxd4 10.Qxd4 Qa5 11.f4 Rc8 12.Kb1 Qc5 13.Qd3 f5 14.e5 Bg7 15.exd6 e6
16.Nb5 O-O 17.Nc7 Rfd8 18.Qb3 Ba4 19.Qxa4 Rxc7 20.d7 Qb6 21.c3 Bxc3 22.Qb5 Bd4
23.Qxb6 Bxb6 24.Bb5 a6 25.Be2 Rcxd7 26.Rxd7 Rxd7 27.Rd1 Rxd1+ 28.Bxd1 Be3
29.Bf3 b6 30.Kc2 Bxf4 31.h3 Kg7 32.Kd3 a5 33.a4 Kg6 34.Bc6 Bd6 35.Ke2 h5
36.b3 h4 37.Kf3 Kf6 38.Bb5 Bg3 39.Bc6 Ke7 40.Bb5 Bh2 41.Bc6 Bd6 42.Bb5 Kf6
43.Be8 e5 44.Bb5 e4+ 45.Ke2 Ke5 46.Bc4 f6 47.Bf7 Kd4 48.Bg6 Kc3 49.Bf7 Bc5
50.Be6 Bg1 51.Bf7 Bd4 52.Bd5 Bg1 53.Be6 Bc5 54.Bf7 Kd4 55.Bg6 Ke5 56.Bh7 Kf4
57.Bg6 Kg3 58.Kf1 Kf4 59.Ke2 Ba3 60.Bh7 Ke5 61.Bg6 f4 62.Bh7 Kd4 63.Bg6 Bc5
64.Bh7 Ke5 65.Bg6 f5 66.Bh7 Kf6 67.Bg8 Bd4 68.Bh7 Kg5 69.Bg8 Kg6 70.Be6 Bc5
71.Bd7 Kf6 72.Bc8 Ke5 73.Bd7 f3+ 74.gxf3 Kf4 75.fxe4 Kxe4 76.Bc6+ Kf4 77.Bd7  1/2-1/2

[Event "Troya Open"]
[Site "Canakkale TUR"]
[Date "2010.08.09"]
[Round "3"]
[White "Dastan,B"]
[Black "Bregadze,L"]
[Result "0-1"]
[WhiteElo "2105"]
[BlackElo "2413"]

1.e4 c5 2.Nf3 d6 3.d4 cxd4 4.Nxd4 Nf6 5.Nc3 Nc6 6.Bg5 e6 7.Qd2 a6 8.O-O-O Bd7
9.f4 h6 10.Bh4 g5 11.fxg5 Ng4 12.Nxc6 Bxc6 13.Qf4 hxg5 14.Bxg5 Qxg5 15.Qxg5 Bh6
16.Qxh6 Rxh6 17.Rxd6 Nf2 18.Rg1 Rxh2 19.g3 Ke7 20.Rd2 Rg8 21.Rg2 Rxg2 22.Bxg2 Ng4
23.Re2 Ne5 24.Re3 Nc4 25.Rd3 Rh8 26.b3 Rh2 27.bxc4 Rxg2 28.Re3 Kd6 29.Rf3 Kc5
30.Rxf7 Rxg3 31.Kd2 Kxc4 32.Ne2 Ra3 33.Re7 Rxa2 34.Nc1 Ra5 35.Rxe6 Rh5 36.Nb3 Rh2+  0-1

[Event "7th Marques Prol"]
[Site "Santos BRA"]
[Date "2010.08.09"]
[Round "1"]
[White "Barbosa,E"]
[Black "Larrea,M"]
[Result "1/2-1/2"]
[WhiteElo "2279"]
[BlackElo "2303"]

1.e4 c5 2.Nf3 Nc6 3.d4 cxd4 4.Nxd4 Nf6 5.Nc3 d6 6.Bg5 e6 7.Qd2 Be7 8.O-O-O O-O
9.f3 Qa5 10.Nb3 Qd8 11.Bf4 Ne8 12.Nb5 d5 13.exd5 exd5 14.a3 Be6 15.Nc3 Nf6
16.g4 Rc8 17.Be3 Ne5 18.Be2 Nc4 19.Bxc4 dxc4 20.Nd4 Qa5 21.Nxe6 fxe6 22.Qe2 Rfd8
23.Bd4 Rc6 24.Qe5 Qxe5 25.Bxe5 Nd7 26.Bg3 a6 27.Rhe1 Nc5 28.Rxd8+ Bxd8 29.Rd1 Bf6
30.Ne4 Nxe4 31.fxe4 c3 32.bxc3 Rxc3 33.e5 Be7 34.Kb2 Rc7 35.a4 Kf7 36.Kb3 Ke8  1/2-1/2

[Event "Negroponte Open"]
[Site "Chalkis GRE"]
[Date "2010.08.10"]
[Round "2"]
[White "Hess,Ro"]
[Black "Tassopoulos,M"]
[Result "1-0"]
[WhiteElo "2588"]
[BlackElo "2257"]

1.e4 c5 2.Nf3 d6 3.d4 cxd4 4.Nxd4 Nf6 5.Nc3 Nc6 6.Bg5 Bd7 7.f4 Rc8 8.Qd2 Nxd4
9.Qxd4 Qa5 10.O-O-O h6 11.Bxf6 gxf6 12.Kb1 Qc5 13.Qd3 f5 14.e5 Bg7 15.Nd5 e6
16.Nc3 d5 17.Be2 f6 18.g4 fxe5 19.gxf5 O-O 20.fxe6 Bxe6 21.Rhg1 e4 22.Qg3 Qc7
23.Qg6 Qf7 24.Qxh6 Rc6 25.Qh4 Qf6 26.Qxf6 Rxf6 27.Nxd5 Bxd5 28.Rxd5 Rxf4
29.Rd8+ Rf8 30.Rd4 Rf4 31.Bd3 Rb6 32.b3 Rh4 33.Bc4+ Kf8 34.Rd7  1-0

[Event "Negroponte Open"]
[Site "Chalkis GRE"]
[Date "2010.08.11"]
[Round "3"]
[White "Vishnu,P"]
[Black "Ghaem Maghami,E"]
[Result "1/2-1/2"]
[WhiteElo "2341"]
[BlackElo "2585"]

1.e4 c5 2.Nf3 Nc6 3.d4 cxd4 4.Nxd4 Nf6 5.Nc3 d6 6.Bg5 Bd7 7.Qd2 a6 8.O-O-O e6
9.f4 Qc7 10.Qe1 Be7 11.Nf3 h6 12.Bh4 O-O 13.Kb1 Rfe8 14.e5 dxe5 15.fxe5 Nd5
16.Bxe7 Rxe7 17.Rxd5 exd5 18.Nxd5 Qd8 19.Nxe7+ Qxe7 20.Qe4 Re8 21.Bd3 f5
22.Qc4+ Be6 23.Qf4 g5 24.Qe3 Nb4 25.a3 Nxd3 26.Qxd3 Qc5 27.Re1 Qd5 28.Qxd5 Bxd5
29.Nd4  1/2-1/2

[Event "Negroponte Open"]
[Site "Chalkis GRE"]
[Date "2010.08.11"]
[Round "3"]
[White "Khukhashvili,S"]
[Black "Hess,Ro"]
[Result "0-1"]
[WhiteElo "2409"]
[BlackElo "2588"]

1.e4 c5 2.Nf3 d6 3.d4 cxd4 4.Nxd4 Nf6 5.Nc3 Nc6 6.Bg5 e6 7.Qd2 a6 8.O-O-O h6
9.Nxc6 bxc6 10.Bf4 d5 11.Qe3 Be7 12.h4 O-O 13.g4 e5 14.Bxe5 Nxg4 15.Qg3 Nxe5
16.exd5 Bd6 17.Ne4 Bf5 18.Rg1 g6 19.Bg2 Bxe4 20.Bxe4 Qf6 21.c3 Rab8 22.b3 Ng4
23.Qf3 Qxf3 24.Bxf3 Nxf2 25.Rdf1 Nd3+ 26.Kc2 Ne5 27.dxc6 Nxf3 28.Rxf3 Rb6
29.Rd1 Rxc6  0-1

[Event "TCh-MKD"]
[Site "Struga MKD"]
[Date "2010.08.11"]
[Round "3"]
[White "Nedev,T"]
[Black "Kiroski,T"]
[Result "1-0"]
[WhiteElo "2506"]
[BlackElo "2362"]

1.e4 c5 2.Nf3 d6 3.d4 cxd4 4.Nxd4 Nf6 5.Nc3 Nc6 6.Bg5 e6 7.Qd2 a6 8.O-O-O Bd7
9.f3 Rc8 10.Kb1 Nxd4 11.Qxd4 Be7 12.h4 Bc6 13.g4 O-O 14.Be3 b5 15.g5 Nd7
16.h5 Bxg5 17.Bxg5 Qxg5 18.h6 Ne5 19.hxg7 Rfd8 20.Qf2 Qf4 21.Bd3 Kxg7 22.Ne2 Qxf3
23.Qh4 Kf8 24.Qh6+ Ke8 25.Rdf1 Bxe4 26.Rxf3 Bxf3 27.Rf1 Bxe2 28.Bxe2 Ke7
29.a4 Rc5 30.Qxh7 Rdc8 31.c3 bxa4 32.Qh4+ Kf8 33.Qxa4 a5 34.Qh4 Ke8 35.Bh5 Rb8
36.Qf6 Rb7  1-0

[Event "Negroponte Open"]
[Site "Chalkis GRE"]
[Date "2010.08.12"]
[Round "4"]
[White "Hoffmann,Pau"]
[Black "Gupta,Ab"]
[Result "0-1"]
[WhiteElo "2382"]
[BlackElo "2587"]

1.e4 c5 2.Nf3 d6 3.d4 cxd4 4.Nxd4 Nf6 5.Nc3 Nc6 6.Bg5 e6 7.Qd2 a6 8.O-O-O Bd7
9.f3 Be7 10.h4 h6 11.Be3 h5 12.Bg5 Ne5 13.Bd3 b5 14.Nce2 Rc8 15.Kb1 Qb6 16.Rdf1 a5
17.g4 hxg4 18.f4 Nc4 19.Bxc4 Rxc4 20.Qd3 Bc6 21.Nxc6 Qxc6 22.Nd4 Qxe4 23.Bxf6 Qxd3
24.cxd3 Bxf6 25.dxc4 Bxd4 26.Rd1 Bc5 27.cxb5 g3 28.Rh3 Bf2 29.Rhh1 Kd7 30.a4 Rc8
31.Rhg1 Rc4 32.b3 Rxf4  0-1

[Event "85th ch-FRA"]
[Site "Belfort FRA"]
[Date "2010.08.13"]
[Round "5"]
[White "Hamdouchi,H"]
[Black "Edouard,R"]
[Result "0-1"]
[WhiteElo "2600"]
[BlackElo "2620"]

1.e4 c5 2.Nf3 d6 3.d4 cxd4 4.Nxd4 Nf6 5.Nc3 Nc6 6.Bg5 e6 7.Qd2 a6 8.O-O-O Be7
9.f3 Nxd4 10.Qxd4 b5 11.h4 Bb7 12.Kb1 Qc7 13.Qd2 Rd8 14.Bd3 O-O 15.Ne2 e5
16.Nc3 b4 17.Nd5 Nxd5 18.exd5 a5 19.g4 Bc8 20.Rdg1 Kh8 21.Be3 Rde8 22.g5 Bd8
23.Qg2 f5 24.gxf6 Rxf6 25.Bg5 Rf7 26.Bg6 Bf5 27.Bxf7 Qxf7 28.Bxd8 Rxd8 29.Rh2 Rc8
30.Qg3 a4 31.Ka1 a3 32.Rhg2 g6 33.Qg5 axb2+ 34.Kxb2 e4 35.fxe4 Qg7+ 36.Kb1 b3
37.axb3 Ra8 38.Kc1 Qd4 39.c3 Qxc3+  0-1

[Event "Negroponte Open"]
[Site "Chalkis GRE"]
[Date "2010.08.14"]
[Round "6"]
[White "Shyam,SM"]
[Black "Khismatullin,D"]
[Result "0-1"]
[WhiteElo "2414"]
[BlackElo "2667"]

1.e4 c5 2.Nf3 d6 3.d4 cxd4 4.Nxd4 Nf6 5.Nc3 Nc6 6.Bg5 e6 7.Qd2 a6 8.O-O-O Bd7
9.f4 b5 10.Bxf6 gxf6 11.Kb1 Qb6 12.Nxc6 Bxc6 13.Bd3 b4 14.Ne2 h5 15.c4 h4
16.Rhf1 Be7 17.Ng1 O-O-O 18.Nf3 Rdg8 19.Qe2 Bb7 20.f5 Kb8 21.Bc2 Qc5 22.Nd4 e5
23.Nf3 Bd8 24.Rd2 Bb6 25.Rfd1 Bc7 26.Bd3 Rg7 27.Bc2 Bc6 28.Bd3 Kb7 29.Bc2 Kc8
30.Bd3 Kd7 31.Bc2 Ke7 32.Qe1 Rg4 33.h3 Rf4 34.Qe2 Qb6 35.Ne1 Rg8 36.Qh5 Bxe4
37.Bxe4 Rxe4 38.Nf3 Qb8 39.Qh7 Rh8 40.Qg7 Rg8 41.Qh7 Rh8 42.Qg7 Rxc4 43.b3 Rc5
44.Qg4 a5 45.Ne1 Qg8 46.Qe4 Qa8 47.Qg4 d5 48.Nd3 Rc3 49.Nxb4 d4 50.Nc2 Bb6
51.Re1 Kf8 52.Qe2 Qc8 53.Rd3 Rg8 54.Rxc3 Qxc3 55.Rd1 Rg3 56.Qa6 d3 57.Ne1 Bd4  0-1

[Event "Negroponte Open"]
[Site "Chalkis GRE"]
[Date "2010.08.14"]
[Round "6"]
[White "Ismail,Sh"]
[Black "Deepan,C"]
[Result "1-0"]
[WhiteElo "2234"]
[BlackElo "2498"]

1.e4 c5 2.Nf3 d6 3.d4 cxd4 4.Nxd4 Nf6 5.Nc3 Nc6 6.Bg5 e6 7.Qd2 a6 8.O-O-O Bd7
9.f4 h6 10.Bh4 g5 11.fxg5 Ng4 12.g3 Be7 13.gxh6 Bxh4 14.gxh4 Qxh4 15.Nf3 Qxh6
16.Qxh6 Rxh6 17.Rg1 Nf6 18.Rxd6 Ke7 19.e5 Rh5 20.Rxc6 Bxc6 21.exf6+ Kxf6
22.Be2 Rd8 23.Nd4 Rc5 24.Nxc6 Rxc6 25.h4 Rcc8 26.h5 Ke7 27.Bf3 Rc7 28.a4 a5
29.Re1 Rc5 30.Rd1 Rxd1+ 31.Kxd1 b6 32.Kd2 f5 33.Be2 Kf6 34.Nb5 e5 35.c3 e4
36.b4 Rd5+ 37.Ke1 f4 38.c4 Rg5 39.c5 bxc5 40.bxa5 f3 41.a6 Rg1+ 42.Kd2 fxe2
43.Kxe2 Rg8 44.Nc7 Rg2+ 45.Ke1 Ra2 46.Nd5+ Ke6 47.Nb6  1-0

[Event "Negroponte Open"]
[Site "Chalkis GRE"]
[Date "2010.08.15"]
[Round "7"]
[White "Baghdasaryan,V"]
[Black "Mamedov,Nid"]
[Result "1-0"]
[WhiteElo "2229"]
[BlackElo "2604"]

1.e4 c5 2.Nf3 d6 3.d4 cxd4 4.Nxd4 Nf6 5.Nc3 Nc6 6.Bg5 e6 7.Qd2 a6 8.O-O-O Be7
9.f3 O-O 10.Nxc6 bxc6 11.Bc4 d5 12.Bb3 a5 13.h4 Bb7 14.a3 Nd7 15.Rhe1 Re8
16.Kb1 Nc5 17.Ba2 Bxg5 18.hxg5 Rb8 19.Rh1 Ba6 20.Qf4 d4 21.Rxh7 Rxb2+ 22.Ka1 f6
23.g6 Kf8 24.Kxb2 dxc3+ 25.Kc1  1-0

[Event "TCh-MKD"]
[Site "Struga MKD"]
[Date "2010.08.15"]
[Round "7"]
[White "Nestorovic,L"]
[Black "Gochev,M"]
[Result "1/2-1/2"]
[WhiteElo "2310"]
[BlackElo "2227"]

1.e4 c5 2.Nf3 Nc6 3.d4 cxd4 4.Nxd4 Nf6 5.Nc3 d6 6.Bg5 Bd7 7.Qd2 h6 8.Bxf6 gxf6
9.O-O-O Nxd4 10.Qxd4 Qa5 11.Kb1 Rg8 12.f4 e6 13.Qd2 O-O-O 14.g3 Kb8 15.Bh3 d5
16.exd5 Bc6 17.a3 f5 18.Bg2 Bg7 19.Na2 Qxd2 20.Rxd2 Bxd5 21.Bxd5 Rxd5 22.Rxd5 exd5
23.Re1 Bf6 24.Nb4 Rd8 25.Rd1 d4 26.Nd3 h5 27.Kc1 h4 28.gxh4 Bxh4 29.Rg1 Bf6
30.h3 Rh8 31.Rg3 Kc7 32.Kd2 Kd6 33.Nc1 Kd5 34.Kd3 Bh4 35.Rf3 Rg8 36.Ne2 Bf6
37.Nxd4 Rd8 38.c3 Bxd4 39.cxd4 Rh8 40.Re3 f6 41.Rg3 b5 42.Re3 a5 43.Rg3 Rh7
44.Re3 Rh8 45.Rg3 Rh7 46.Re3 Rh8  1/2-1/2

[Event "49th WJun"]
[Site "Chotowa POL"]
[Date "2010.08.16"]
[Round "13"]
[White "Ashwin,J"]
[Black "Dragun,K"]
[Result "1/2-1/2"]
[WhiteElo "2454"]
[BlackElo "2379"]

1.e4 c5 2.Nf3 d6 3.d4 cxd4 4.Nxd4 Nf6 5.Nc3 Nc6 6.Bg5 Bd7 7.Qd2 h6 8.Bxf6 gxf6
9.O-O-O Nxd4 10.Qxd4 Qa5 11.f4 Rc8 12.Kb1 Qc5 13.Qd3 f5 14.exf5 Qxf5 15.Qd4 Rg8
16.Qxa7 Bc6 17.Bd3 Qc5 18.Qxc5 dxc5 19.Nb5 Rxg2 20.Rhe1 e6 21.Na7 Rd8 22.Nxc6 bxc6
23.Be4 Rf2 24.Bxc6+ Ke7 25.a4 Rd6 26.Bb5 Rxf4 27.a5 Kd8 28.c3 Kc7 29.Rxd6 Bxd6
30.Rd1 Rf5 31.Bc4 Rf4 32.Bb5 Rf5 33.Bc4 Rf4 34.b3 Rg4 35.Rf1 Rg7 36.Rf2 h5
37.h3 Bg3 38.Rf1 Be5 39.Kc2 f6 40.Bxe6 Rg3 41.a6 Rxc3+ 42.Kd2 Rg3 43.Rf5 Rg5  1/2-1/2

[Event "XI Miquel Mas Open"]
[Site "Figueres ESP"]
[Date "2010.08.17"]
[Round "8"]
[White "Corrales Jimenez,F"]
[Black "Lillo Castay,V"]
[Result "1-0"]
[WhiteElo "2574"]
[BlackElo "2284"]

1.e4 c5 2.Nf3 d6 3.d4 Nf6 4.Nc3 cxd4 5.Nxd4 Nc6 6.Bg5 e6 7.Qd2 a6 8.O-O-O Bd7
9.Nxc6 Bxc6 10.Qe1 Be7 11.e5 Nd5 12.Bxe7 Qxe7 13.Ne4 dxe5 14.c4 Nf6 15.Nd6+ Kf8
16.Qxe5 h5 17.h4 Nd7 18.Qg3 Nc5 19.Bd3 Rd8 20.Bc2 Qf6 21.Rd2 g6 22.Re1 Kg7
23.Re5 Nd7 24.Rg5 Rh6 25.f4 Nb6 26.c5 Rxd6 27.cxd6 Nc4 28.Rd3 Qxb2+ 29.Kd1 Qb6
30.Ke2 Qb2 31.Kd1 Qa1+ 32.Ke2 Qxa2 33.Rc3 Nxd6 34.Qe3 f6 35.Rgc5 Rh8 36.Kf1 Rd8
37.Qd3 Be4 38.Rc7+ Kh6 39.Qg3 Qa1+ 40.Ke2 Qa5 41.R3c5 Qd2+ 42.Kxd2 Nf5+ 43.Qd3 Bxd3
44.Bxd3 Nxh4 45.Rf7  1-0

[Event "SCCF State Championship"]
[Site "Los Angeles USA"]
[Date "2010.08.21"]
[Round "5"]
[White "Casella,M"]
[Black "Gupta,Ank"]
[Result "1-0"]
[WhiteElo "2282"]
[BlackElo "2204"]

1.e4 c5 2.Nf3 d6 3.d4 cxd4 4.Nxd4 Nf6 5.Nc3 Nc6 6.Bg5 Bd7 7.Qd2 Rc8 8.f4 Nxd4
9.Qxd4 Qa5 10.e5 dxe5 11.fxe5 e6 12.O-O-O Bc6 13.Nb5 Bxb5 14.exf6 Bc6 15.h4 g6
16.Bc4 Bc5 17.Qg4 h5 18.Qg3 Be4 19.Rhe1 Bf5 20.Rd5 Qb6 21.Bf4 Bd4 22.Bb5+ Kf8
23.Bc7 exd5 24.Bxb6 axb6 25.Bd7 Rxc2+ 26.Kd1 Bxf6 27.Bxf5 Rxb2 28.Bd7 Rxa2
29.Re8+ Kg7 30.Rxh8 Ra1+ 31.Kc2 Kxh8 32.Qc7 Ra2+ 33.Kb3 Rb2+ 34.Ka3 Rxg2
35.Be8 Bxh4 36.Qxf7 Bf2 37.Qxd5 Bc5+ 38.Kb3 Rg3+ 39.Kc2 Kh7 40.Qf7+ Kh6 41.Qf4+ Rg5
42.Bf7 Be7 43.Bg8 b5 44.Kd3 Bc5 45.Be6 b6 46.Bg8 Ba3 47.Be6 Bc5 48.Bd7 Be7
49.Be8 b4 50.Kc4 Bc5 51.Bd7 Be7 52.Be6 Bc5 53.Bd5 Be7 54.Kb3 Bf6 55.Be6 Kg7
56.Qc7+ Kh6 57.Qf7 Rg3+ 58.Kxb4 Kg5 59.Qc7 h4 60.Qxb6 Be5 61.Qd8+ Bf6 62.Qd2+ Kh5
63.Kc4 Bg5 64.Qf2 Be3 65.Qf6 Bg1 66.Bd5 Rg4+ 67.Kd3 Rd4+ 68.Ke2 Rxd5 69.Qf3+ Kh6
70.Qxd5 h3 71.Qd2+ Kh5 72.Kf3 h2 73.Qg2 g5 74.Qh3+ Kg6 75.Kg4  1-0

[Event "6th Prospero A Pichay Cup"]
[Site "Manila PHI"]
[Date "2010.08.22"]
[Round "2"]
[White "Filippov,An UZB"]
[Black "Dimakiling,O"]
[Result "1-0"]
[WhiteElo "2583"]
[BlackElo "2418"]

1.e4 c5 2.Nf3 d6 3.d4 cxd4 4.Nxd4 Nf6 5.Nc3 Nc6 6.Bg5 Bd7 7.Qd2 Rc8 8.Nb3 e6
9.O-O-O a6 10.f4 b5 11.Bd3 Be7 12.Kb1 O-O 13.g4 Nb4 14.Be2 Bc6 15.Bxf6 Bxf6
16.a3 a5 17.Nd4 Nxc2 18.Qxc2 b4 19.Nxc6 Rxc6 20.Qa4 Qb6 21.axb4 axb4 22.Na2 b3
23.Nb4 Rc7 24.g5 Be7 25.Na6 Rc2 26.Bd3 Rg2 27.Rhf1 Rxh2 28.Qb5 Qa7 29.Qxb3 h6
30.Bc4 d5 31.exd5 exd5 32.Rxd5 hxg5 33.fxg5 g6 34.Re5 Bd6 35.Re4 Rg2 36.Qe3 Qb7
37.b3 Rxg5 38.Re8 Rd5 39.Rxf8+ Bxf8 40.Bxd5 Qxd5 41.Qf3 Qd7 42.Nb8 Qe6 43.Nc6 f5
44.Nd4 Qe5 45.Nxf5  1-0

[Event "TCh-SRB 1st League"]
[Site "Vrnjacka Banja SRB"]
[Date "2010.08.23"]
[Round "3"]
[White "Pikula,D"]
[Black "Nevednichy,V"]
[Result "1-0"]
[WhiteElo "2547"]
[BlackElo "2592"]

1.e4 c5 2.Nf3 d6 3.d4 cxd4 4.Nxd4 Nf6 5.Nc3 Nc6 6.Bg5 e6 7.Qd2 a6 8.O-O-O Bd7
9.f4 b5 10.Bxf6 gxf6 11.Kb1 b4 12.Nce2 Qb6 13.h4 Rg8 14.Rh3 a5 15.Re3 a4
16.Nxc6 Bxc6 17.Nd4 Bd7 18.Bc4 Rc8 19.b3 Rc5 20.Qe2 h5 21.g3 Rg4 22.Qd2 Qb7
23.Be2 Rg8 24.bxa4 Bxa4 25.Nb3 Rc3 26.Rxc3 bxc3 27.Qxc3 Bc6 28.Rd4 f5 29.exf5 Bg7
30.fxe6 fxe6 31.Qe3 Bxd4 32.Qxe6+ Kf8 33.Qxd6+ Qe7 34.Qxd4 Qxe2 35.Qf6+ Ke8
36.Qxc6+ Kf7 37.Qd5+ Ke7 38.Qc5+ Kf7 39.Qc7+  1-0

[Event "6th Geller Memorial Open A"]
[Site "Odessa UKR"]
[Date "2010.08.25"]
[Round "5"]
[White "Ivanenko,O2"]
[Black "Strygin,A"]
[Result "1-0"]
[WhiteElo "2103"]
[BlackElo "2179"]

1.e4 c5 2.Nf3 d6 3.d4 cxd4 4.Nxd4 Nf6 5.Nc3 Nc6 6.Bg5 e6 7.Qd2 Be7 8.O-O-O a6
9.f4 Nxd4 10.Qxd4 Qa5 11.e5 dxe5 12.fxe5 O-O 13.Bd3 Nd5 14.Bxh7+ Kxh7 15.Bxe7 Nxe7
16.Qh4+ Kg8 17.Qxe7 Qxe5 18.Rhf1 f5 19.Nd5 b5 20.Rfe1 Qb8 21.Nc7 Ra7 22.Rd8 Rxd8
23.Qxd8+ Kh7 24.Nxe6  1-0

[Event "46th Akiba Rubinstein Open A"]
[Site "Polanica Zdroj POL"]
[Date "2010.08.25"]
[Round "7"]
[White "Zochowski,J"]
[Black "Piotrowski,P"]
[Result "1-0"]
[WhiteElo "1936"]
[BlackElo "1875"]

1.e4 c5 2.Nf3 d6 3.d4 cxd4 4.Nxd4 Nf6 5.Nc3 Nc6 6.Bg5 e6 7.Be2 Be7 8.Qd2 Nxd4
9.Qxd4 e5 10.Qa4+ Bd7 11.Bb5 O-O 12.Bxf6 Bxb5 13.Bxe7 Qxe7 14.Qxb5 a6 15.Qb3 Rac8
16.O-O Kh8 17.Rad1 b5 18.Rd2 Rc6 19.Rfd1 Rd8 20.Nd5 Qf8 21.Qh3 g6 22.Qh4 h6
23.Qf6+ Kh7 24.c3 Re8 25.h4 Re6 26.Qf3 Qg7 27.Nb4 Rb6 28.Qe3  1-0

[Event "46th Akiba Rubinstein Open A"]
[Site "Polanica Zdroj POL"]
[Date "2010.08.27"]
[Round "9"]
[White "Panas,P"]
[Black "Piotrowski,P"]
[Result "1-0"]
[WhiteElo "2194"]
[BlackElo "1875"]

1.e4 c5 2.Nf3 d6 3.d4 cxd4 4.Nxd4 Nf6 5.Nc3 Nc6 6.Bg5 Bd7 7.Bxf6 gxf6 8.Bc4 Ne5
9.Bb3 h5 10.f4 Ng6 11.Rf1 Bh6 12.g3 Qa5 13.Qd3 Bg4 14.Nf5 Rc8 15.Nxh6 Rxh6
16.Kd2 Nf8 17.f5 Nd7 18.Ba4 a6 19.Bxd7+ Kxd7 20.Qd5 Qb6 21.Rae1 h4 22.Kc1 Rh7
23.gxh4 Ke8 24.Qd3 Bh5 25.Re3 Qa5 26.Qd5 Qxd5 27.Nxd5 Rc5 28.a4 Bg4 29.h3 Bh5
30.Rg1 Rh8 31.Rb3 b5 32.axb5 axb5 33.Ra3 Rc8 34.Kd2 Bf3 35.Rxf3  1-0

[Event "PK NBSB"]
[Site "Roosendaal NED"]
[Date "2010.08.27"]
[Round "1"]
[White "Steenbekkers,F"]
[Black "Swinkels,R"]
[Result "0-1"]
[WhiteElo "2220"]
[BlackElo "2483"]

1.e4 c5 2.Nf3 d6 3.d4 cxd4 4.Nxd4 Nf6 5.Nc3 Nc6 6.Bg5 e6 7.Qd2 a6 8.O-O-O Bd7
9.f3 Be7 10.h4 h6 11.Be3 h5 12.Kb1 Qc7 13.Nxc6 Bxc6 14.Bd3 d5 15.Qf2 dxe4
16.Nxe4 Nxe4 17.fxe4 Bf6 18.c3 b5 19.Rhf1 Qb7 20.Bg5 Bxg5 21.hxg5 Bxe4 22.g6 Bxd3+
23.Rxd3 O-O 24.Qe2 fxg6 25.Qxe6+ Kh7 26.Rxf8 Rxf8 27.Rd2 Rf1+ 28.Kc2 Rg1
29.Kb3 Rxg2 30.Rd8 Rf2 31.Qg8+ Kh6 32.Rd5 Rf5 33.Qh8+ Kg5 34.Qd8+ Kg4 35.Rd7 Qc6
36.Rd4+ Rf4 37.Rd2 Qc4+ 38.Kc2 Qe4+  0-1

[Event "TCh-SRB 1st League"]
[Site "Vrnjacka Banja SRB"]
[Date "2010.08.27"]
[Round "7"]
[White "Kovacevic,A"]
[Black "Indjic,D"]
[Result "1-0"]
[WhiteElo "2581"]
[BlackElo "2329"]

1.e4 c5 2.Nf3 Nc6 3.d4 cxd4 4.Nxd4 Nf6 5.Nc3 d6 6.Bg5 a6 7.Qd2 e6 8.O-O-O Nxd4
9.Qxd4 Be7 10.f4 b5 11.Bxf6 gxf6 12.Kb1 Qc7 13.g3 O-O 14.f5 Bd7 15.Qd2 Rfc8
16.Bd3 Bf8 17.g4 Qc5 18.e5 Bc6 19.Rhf1 b4 20.Ne2 Qxe5 21.Nf4 Bh6 22.fxe6 fxe6
23.Rde1 Qa5 24.Rxe6 Bd5 25.Bxh7+ Kxh7 26.Qd3+ Kh8 27.Nxd5 Qb5 28.Qh3 Kg8
29.Ne7+ Kf7 30.Rfxf6+  1-0

[Event "9th Open"]
[Site "Istanbul TUR"]
[Date "2010.08.28"]
[Round "9"]
[White "Gvetadze,Sopi"]
[Black "Akinal,E"]
[Result "1-0"]
[WhiteElo "2355"]
[BlackElo "2185"]

1.e4 c5 2.Nf3 d6 3.d4 cxd4 4.Nxd4 Nf6 5.Nc3 Nc6 6.Bg5 e6 7.Qd2 a6 8.O-O-O Bd7
9.Kb1 b5 10.f3 Be7 11.g4 h5 12.gxh5 Rxh5 13.h4 Qc7 14.Qe1 O-O-O 15.a4 Nxd4
16.Rxd4 Qa5 17.Bd2 Qb6 18.Be3 Qa5 19.Be2 bxa4 20.Rc4+ Kb8 21.f4 Rhh8 22.Qf2 Kb7
23.e5 Nd5 24.Bf3 Bc6 25.Rxc6 Kxc6 26.Rd1 dxe5 27.fxe5 a3 28.Nxd5 exd5 29.c4 axb2
30.Qxb2 Rxh4 31.Bd2 Qc5 32.cxd5+ Kd7 33.d6 Bg5 34.Rc1 Bxd2 35.Rxc5 Rb4 36.Bc6+ Ke6
37.Bd5+ Kf5 38.Bb3  1-0

[Event "TCh-SRB 1st League"]
[Site "Vrnjacka Banja SRB"]
[Date "2010.08.28"]
[Round "8"]
[White "Roganovic,Milo"]
[Black "Perunovic,Mio"]
[Result "1/2-1/2"]
[WhiteElo "2497"]
[BlackElo "2449"]

1.e4 c5 2.Nf3 d6 3.d4 cxd4 4.Nxd4 Nf6 5.Nc3 Nc6 6.Bg5 g6 7.Bxf6 exf6 8.Be2 Bg7
9.Ndb5 O-O 10.Qxd6 f5 11.O-O fxe4 12.Rad1 Bf5 13.g4 Be6 14.Nc7 Nd4 15.Qxd8 Raxd8
16.Nxe6 fxe6  1/2-1/2

[Event "25th Open"]
[Site "Schwarzach AUT"]
[Date "2010.08.29"]
[Round "9"]
[White "Zelcic,R"]
[Black "Krivoborodov,E"]
[Result "1-0"]
[WhiteElo "2554"]
[BlackElo "2499"]

1.e4 c5 2.Nf3 Nc6 3.d4 cxd4 4.Nxd4 Nf6 5.Nc3 d6 6.Bg5 e6 7.Qd2 a6 8.O-O-O Bd7
9.f4 b5 10.Nf3 h6 11.Bxf6 gxf6 12.Kb1 Qb6 13.e5 fxe5 14.fxe5 d5 15.Qf4 O-O-O
16.Qxf7 Qc7 17.Qh5 Bg7 18.Re1 Kb7 19.Bd3 Be8 20.Qh4 Bd7 21.Qh5 Be8 22.Bg6 Bxg6
23.Qxg6 Nxe5 24.Nxe5 Bxe5 25.Qxe6 Bxc3 26.bxc3 Rd6 27.Qe5 Rc8 28.Rhf1 Kb6
29.Rf6 Rd8 30.Qd4+ Kb7 31.Ree6 Rxe6 32.Rxe6 Rd6 33.Re5 Kc6 34.Kb2 a5 35.a3 Qb6
36.Qg4 Qc7 37.Qf5 Kb6 38.g3 b4 39.cxb4 axb4 40.axb4 Qc4 41.Qf4 Qxf4 42.gxf4 d4
43.Rh5 d3 44.Kc1 dxc2 45.Kxc2 Rd4 46.Kb3 Rxf4 47.Rxh6+ Kb5 48.Rh5+ Kb6 49.Ka4 Rf6
50.h4 Rf1 51.Rh6+ Kb7 52.h5 Rf5 53.Rh8 Kb6 54.h6 Rh5 55.Kb3 Rh4 56.Kc3 Kb7
57.b5 Rh5 58.Kc4 Ka7 59.Kd4 Rxb5 60.Ke4 Rb4+ 61.Kd5 Rb5+ 62.Kc4 Rh5 63.Kd4 Kb7
64.Ke4 Rc5 65.Rh7+ Kb6 66.Rg7 Rh5 67.h7 Kc6 68.Kf4 Kd6 69.Kg4 Rh1 70.Kf5 Rh2
71.Kf6 Rh1 72.Kf7  1-0

[Event "17th IM"]
[Site "Graz AUT"]
[Date "2010.08.30"]
[Round "3"]
[White "Cigan,S"]
[Black "Wittmann,W"]
[Result "1/2-1/2"]
[WhiteElo "2374"]
[BlackElo "2274"]

1.e4 c5 2.Nf3 Nc6 3.d4 cxd4 4.Nxd4 Nf6 5.Nc3 d6 6.Bg5 Bd7 7.Qd2 Rc8 8.f3 Nxd4
9.Qxd4 Qa5 10.Be3 a6 11.g4 h6 12.O-O-O e5 13.Qd2 Be6 14.Kb1 Be7 15.h4 Rc6
16.Nd5 Qxd2 17.Rxd2 Bxd5 18.exd5 Rc7 19.Be2 Nd7 20.c4  1/2-1/2

[Event "ch-RUS Higher League w"]
[Site "St Petersburg RUS"]
[Date "2010.08.30"]
[Round "5"]
[White "Manakova,M"]
[Black "Kovalevskaya,E"]
[Result "1/2-1/2"]
[WhiteElo "2306"]
[BlackElo "2447"]

1.e4 c5 2.Nf3 Nc6 3.d4 cxd4 4.Nxd4 Nf6 5.Nc3 d6 6.Bg5 e6 7.Qd2 Be7 8.O-O-O O-O
9.Kb1 Nxd4 10.Qxd4 Nxe4 11.Nxe4 Bxg5 12.Nxg5 Qxg5 13.Qxd6 Bd7 14.Qg3 Qxg3
15.hxg3 Bc6 16.Bd3 h6 17.f3 Rfd8 18.g4 Kf8 19.Kc1  1/2-1/2

[Event "TCh-SRB 1st League"]
[Site "Vrnjacka Banja SRB"]
[Date "2010.08.30"]
[Round "10"]
[White "Efimenko,Z"]
[Black "Indjic,D"]
[Result "1-0"]
[WhiteElo "2689"]
[BlackElo "2329"]

1.e4 c5 2.Nf3 Nc6 3.d4 cxd4 4.Nxd4 Nf6 5.Nc3 d6 6.Bg5 a6 7.Qd2 e6 8.O-O-O Be7
9.h4 Qc7 10.f3 Nxd4 11.Qxd4 b5 12.g4 h5 13.gxh5 Nxh5 14.Bxe7 Qxe7 15.a4 Bd7
16.Kb1 bxa4 17.Nxa4 Bxa4 18.Qxa4+ Kf8 19.Qc6 Rd8 20.Bxa6 Nf4 21.Rh2 g6 22.Rhd2 d5
23.exd5 exd5 24.Bc4 Rh5 25.Bxd5 Qxh4 26.Qc5+ Kg7 27.Qc3+ Kf8 28.Bxf7 Rxd2
29.Rxd2 Kxf7 30.Rd7+ Ke6 31.Qc6+ Kf5 32.Rf7+ Ke5 33.Qe4+ Kd6 34.Qxf4+ Qxf4
35.Rxf4 Ke5 36.Rf8 Rh8  1-0

[Event "ch-RUS Higher League w"]
[Site "St Petersburg RUS"]
[Date "2010.08.31"]
[Round "6"]
[White "Dogodkina,J"]
[Black "Shaydullina,S"]
[Result "1-0"]
[WhiteElo "2102"]
[BlackElo "2210"]

1.e4 c5 2.Nf3 Nc6 3.d4 cxd4 4.Nxd4 Nf6 5.Nc3 d6 6.Bg5 Bd7 7.Qd2 h6 8.Bxf6 gxf6
9.Nf5 Qa5 10.Ne3 Bg7 11.Nc4 Qc5 12.Nd5 Ne5 13.Nce3 h5 14.h3 e6 15.Nc3 b5
16.b4 Qb6 17.a4 bxa4 18.Nxa4 Qc7 19.Ra3 Bh6 20.Be2 Bc6 21.Nc3 f5 22.Nb5 Qd7
23.Ra5 Ke7 24.exf5 Bxg2 25.Rg1 Bc6 26.f6+ Kxf6 27.Nxd6 Ng6 28.Bxh5 Ke7 29.Bxg6 Qxd6
30.Qxd6+ Kxd6 31.Bxf7 Ke7 32.Bh5 Be4 33.c4 Rhb8 34.b5 Rc8 35.Be2 Rc5 36.Rg4 Bh1
37.Rg6 Bf8 38.Ra6 Re5 39.Bg4 Kf7 40.Rgxe6 Bb4+ 41.Ke2 Rg5 42.Rf6+ Kg7 43.Nf5+ Rxf5
44.Bxf5 Re8+ 45.Rfe6 Rxe6+ 46.Bxe6 Bc5 47.f3 Kf6 48.Rc6 Bd4 49.Bg4+ Kg5 50.c5 Kf4
51.b6 a5 52.b7 Be5 53.Ra6 Bc7 54.Rxa5 Ke5 55.Ra8 Kd5 56.b8=Q  1-0

[Event "ch-RUS Higher League w"]
[Site "St Petersburg RUS"]
[Date "2010.09.01"]
[Round "7"]
[White "Bezgodova,M"]
[Black "Kovalevskaya,E"]
[Result "0-1"]
[WhiteElo "2170"]
[BlackElo "2447"]

1.e4 c5 2.Nf3 Nc6 3.d4 cxd4 4.Nxd4 Nf6 5.Nc3 d6 6.Bg5 e6 7.Qd2 Be7 8.O-O-O O-O
9.f4 Nxd4 10.Qxd4 Qa5 11.e5 dxe5 12.Qxe5 Qxe5 13.fxe5 Nd5 14.Bxe7 Nxe7 15.Bd3 Nc6
16.Rhe1 Rd8 17.Be4 Bd7 18.Bf3 Kf8 19.Nb5 Ke7 20.Nd6 Rab8 21.Rd3 b5 22.Bxc6 Bxc6
23.Rg3 g6 24.Rf1 f6 25.Rd3 Bd5 26.Rc3 fxe5 27.Nf7 Rdc8 28.Rxc8 Rxc8 29.Nxe5 Bxg2
30.Rf7+ Kd6 31.Ng4 Rc7 32.Rf2 Bd5 33.Nf6 Bc6 34.Kd2 h5 35.Ke3 Ke5 36.c3 Rc8
37.Nh7 Be4 38.Rf7 a6 39.Ng5 Bb1 40.Nf3+ Kd6 41.Ra7 Rc6 42.Nd4 Rb6 43.a3 e5
44.Nf3 Bf5 45.Rf7 Ke6 46.Rc7 Rd6 47.Ng5+ Kd5 48.Nf3 Rd7 49.Rc8 Rd6 50.Rc7 Re6
51.h4 Kd6 52.Ra7 Kc5 53.Rc7+ Kb6 54.Rd7 Bg4 55.Ng5 Rf6 56.Re7 Rf1 57.Rxe5 Rb1
58.b4 Re1+ 59.Kf4 Rf1+ 60.Kg3 Ra1 61.Re3 Rxa3 62.Kf4 a5 63.bxa5+ Rxa5 64.Ne4 Bf5
65.Nf6 Ra4+ 66.Kg5 Kc5 67.Re5+ Kc6 68.Re3 Kd6 69.Ne8+ Kc5 70.Re5+ Kc6 71.Nf6 Ra3
72.Nxh5 Rxc3 73.Ng7 Bd3 74.Ne6 b4 75.Nd4+ Kd6 76.Re3 Kd5 77.Nf3 Be4 78.Rxc3 bxc3
79.Ne1 Ke5 80.Kg4 Kf6 81.h5 gxh5+ 82.Kxh5 Kf5 83.Kh4 Kf4 84.Kh3 Ke3 85.Kg3 Ke2  0-1